| 000 | 00857cam a22002054a 4500 | ||
|---|---|---|---|
| 005 | 20250605164124.0 | ||
| 008 | 250528s ||||||||||||||||||||||||d | ||
| 035 | _a18374 | ||
| 020 | _a201674769 | ||
| 040 |
_aGR-AtMCL _bgre _dGR-AtMCL _eAACR2 |
||
| 245 | 1 | _aDatabase Solutions / A Step-by-Step Approach to Building Databases | |
| 260 |
_bAddison-Wesley, _c2000 |
||
| 300 | _a428 | ||
| 520 | _aDo you carry the world on your shoulders? Are you responsible for designing and creating the databases that keep your business running? Includes CD-ROM. Preface, Background, Database Analysis and Design Techniques, Logical Database Design, Physical Database Design, Second Worked Example, Appendices, Glossary, References, Index. | ||
| 700 | 1 |
_aBegg Carolyn _91902 |
|
| 700 | 1 |
_aConnolly Thomas _91903 |
|
| 942 | _cBK | ||
| 999 |
_c3736 _d3736 |
||